Benchmarking-nástroj zvyšovania konkurencieschopnosti vzdelávacej inštitúcie

Interné a externé využívanie benchmarkingu v rámci vzdelávacej inštitúcie. Interné porovnávanie vytvára referenčné body na meranie zlepšenia, zatiaľ čo externá aplikácia umožňuje inštitúcii porovnávať stav a kvalitu vlastných služieb s tými, ktoré ponúkajú konkurenčné vzdelávacie inštitúcie.

Saved in:
Bibliographic Details
Main Author: Hasprová, Mária, 1970-
Other Authors: Žák, Štefan, 1971-
Format: Book Chapter
Language:Slovak
Subjects:
Tags: Add Tag
No Tags, Be the first to tag this record!

MARC

LEADER 00000naa$a2200000$$$4500
001 0068091
005 20240502071823.3
041 0 |a slo 
044 |a SK 
245 1 0 |a Benchmarking-nástroj zvyšovania konkurencieschopnosti vzdelávacej inštitúcie  |c Mária Hasprová, Štefan Žák 
520 |a Interné a externé využívanie benchmarkingu v rámci vzdelávacej inštitúcie. Interné porovnávanie vytvára referenčné body na meranie zlepšenia, zatiaľ čo externá aplikácia umožňuje inštitúcii porovnávať stav a kvalitu vlastných služieb s tými, ktoré ponúkajú konkurenčné vzdelávacie inštitúcie. 
610 2 0 |a benchmarking 
610 2 0 |a inštitúcia 
610 2 0 |a vzdelávanie 
610 2 0 |a konkurencieschopnosť 
610 2 0 |a školy vysoké 
100 1 |a Hasprová, Mária, 1970- 
700 1 |a Žák, Štefan, 1971-